00522 2200193 4500001002100000005001500021035002000036007000300056008004100059020001700100082001200117084002200129100001600151245007600167260003300243300001900276990001600295990001700311INLIS00000000000225920260305122059 a0010-0326000207ta260305 g 0 ind  a978623327506 a297.092 a297.092 RIZ j.c.10 aRizem Aizid1 aJagat Batin Sunan Bonang(Biografi,Peranan, Laku Spiritual dan ajarannya aYogyakarta :bLaksana,c2024 a140 ;c20.5 cm a2026/P/0305 a2026/ H/0305